000 00479nam a2200169Ia 4500
003 LK-CoDNM
008 010623t1929 xxu||||| |||| 00| 1 sin d
040 _aLK-CoDNM
_dLK-CoDNM
_eLK-CoDNM
041 _asin
080 _a104 CC.20
100 _aPerera,Tiyadore.G
_eed.
245 _aස්වාභාවික භූගෝල ශාස්ත්‍රය
246 _aPhysical Geography
260 _bLankatilaka
_aGampaha
_c1929
300 _b138p., iill, 20 cm
942 _cBK
999 _c95118
_d95118